Most Popular Marvel Characters (from A to Z) - Statistics

General Stats
  • This quiz has been taken 26 times
    11 since last reset
  • The average score is 10 of 26
Answer Stats
Letter Character % Correct
H Hulk
100%
I Iron Man
90%
S Spider-Man
90%
T Thor
90%
A Ant-Man
80%
C Captain America
70%
L Loki
60%
M Magneto
60%
W Wolverine
60%
D Deadpool
50%
E Elektra
30%
V Venom
30%
X X-23
30%
G Green Goblin
20%
J Jean Grey
20%
O Odin
20%
R Red Hulk
20%
Y Yellowjacket
20%
Z Zemo
20%
B Baymax
10%
F Falcon
10%
K Knull
10%
N Nick Fury
10%
P Power Man
10%
Q Quake
10%
U Uatu
10%
No matching quizzes found
Score Distribution
Percent of People with Each Score
Percentile by Number Answered
Your Score History
You have not taken this quiz since the last reset